书目信息 |
| 题名: |
首尔美妆品购物全书
|
|
| 作者: | 郑世彬 著 | |
| 分册: | ||
| 出版信息: | 北京 中国轻工业出版社 2014 |
|
| 页数: | 165页 | |
| 开本: | 24cm | |
| 丛书名: | ||
| 单 册: | ||
| 中图分类: | F767.9 | |
| 科图分类: | ||
| 主题词: | 美容用化妆品--mei rong yong hua zhuang pin--介绍--韩国 | |
| 电子资源: | ||
| ISBN: | 978-7-5019-9037-5 | |
| 000 | 01027nam0 2200241 450 | |
| 001 | 340199 | |
| 005 | 20150625104919.65 | |
| 010 | @a978-7-5019-9037-5@dCNY35.00 | |
| 100 | @a20140428d2014 em y0chiy50 ea | |
| 101 | 0 | @achi |
| 102 | @aCN@b110000 | |
| 105 | @aab z 000yy | |
| 106 | @ar | |
| 200 | 1 | @a首尔美妆品购物全书@Ashou er mei zhuang pin gou wu quan shu@f郑世彬著 |
| 210 | @a北京@c中国轻工业出版社@d2014 | |
| 215 | @a165页@c彩图, 地图@d24cm | |
| 330 | @a《首尔美研购》是一本引进台湾版权韩国美妆采购指南性参考书。是作者郑世彬深入韩国各大美妆公司实地考察, 认真编写的美妆采购指南书, 实用性强, 信息权威度高, 购买指南性突出。这是一本让爱美人士不管是赴韩国旅游与购物还是在国内需要了解韩国美妆品牌最好、最实用的指南性书籍。 | |
| 333 | @a适用于高等院校经济管理专业师生和相关专业领域的工作人员、企业经营管理者及相关读者。 | |
| 606 | 0 | @a美容用化妆品@Amei rong yong hua zhuang pin@x介绍@y韩国 |
| 690 | @aF767.9@v5 | |
| 701 | 0 | @a郑世彬@Azheng shi bin@4著 |
| 801 | 0 | @aCN@b卓展宏图@c20150525 |
| 905 | @dF767.9@e46@f4 | |
| 首尔美妆品购物全书/郑世彬著.-北京:中国轻工业出版社,2014 |
| 165页:彩图, 地图;24cm |
| 使用对象:适用于高等院校经济管理专业师生和相关专业领域的工作人员、企业经营管理者及相关读者。 |
| ISBN 978-7-5019-9037-5:CNY35.00 |
| 《首尔美研购》是一本引进台湾版权韩国美妆采购指南性参考书。是作者郑世彬深入韩国各大美妆公司实地考察, 认真编写的美妆采购指南书, 实用性强, 信息权威度高, 购买指南性突出。这是一本让爱美人士不管是赴韩国旅游与购物还是在国内需要了解韩国美妆品牌最好、最实用的指南性书籍。 |
| ● |
| 相关链接 |
|
|
|
|
正题名:首尔美妆品购物全书
索取号:F767.9/46
 
预约/预借
| 序号 | 登录号 | 条形码 | 馆藏地/架位号 | 状态 | 备注 |
| 1 | 864718 | 208647188 | 第一样本阅览室/ [索取号:F767.9/46] | 在馆 | |
| 2 | 864719 | 208647197 | 第一借阅区/ [索取号:F767.9/46] | 在馆 | |
| 3 | 864720 | 208647204 | 第一借阅区/ [索取号:F767.9/46] | 在馆 | |
| 4 | 864721 | 208647213 | 第一借阅区/ [索取号:F767.9/46] | 在馆 |